Χριστιανισμός και παγκοσμιότητα στο πρώιμο Βυζάντιο : από τη θεωρία στην πράξη
Saved in:
| Main Author: | |
|---|---|
| Corporate Author: | |
| Format: | Book |
| Language: | Greek |
| Published: |
Αθήνα :
Εθνικό Ίδρυμα Ερευνών. Ιστιτούτο Βυζαντινών Ερευνών,
2008.
|
| Series: | Μονογραφίες (Ινστιτούτο Βυζαντινών Ερευνών)
10 |
| Subjects: | |
| Tags: |
Add Tag
No Tags, Be the first to tag this record!
|
MARC
| LEADER | 00000cam a2200000 i 4500 | ||
|---|---|---|---|
| 001 | 1/6892 | ||
| 008 | 100426s2008 gr | ||| |||| ||gre|| | ||
| 020 | |a 9789603710479 | ||
| 035 | |l 10107671 | ||
| 040 | |a GR-MY-UA |b gre |e aacr | ||
| 041 | 0 | |a gre |b eng | |
| 082 | 7 | |a 938.302 |2 (22) | |
| 100 | 1 | |a Πατούρα-Σπανού, Σοφία. | |
| 245 | 1 | 0 | |a Χριστιανισμός και παγκοσμιότητα στο πρώιμο Βυζάντιο : |b από τη θεωρία στην πράξη / |c Σοφία Πατούρα-Σπανού ; Εθνικό Ίδρυμα Ερευνών. Ιστιτούτο Βυζαντινών Ερευνών. |
| 260 | |a Αθήνα : |b Εθνικό Ίδρυμα Ερευνών. Ιστιτούτο Βυζαντινών Ερευνών, |c 2008. | ||
| 300 | |a 456 σ. ; |c 24 εκ. | ||
| 490 | 1 | |a (Μονογραφίες / Ινστιτούτο Βυζαντινών Ερευνών ; |v 10) | |
| 500 | |a Περιέχει περίληψη στα αγγλικά. | ||
| 504 | |a Ευρετήριο: σ. [445]-456 | ||
| 504 | |a Βιβλιογραφία: σ. [403]-441 | ||
| 650 | 0 | 0 | |a Christianity |z Byzantine Empire. |
| 650 | 0 | 0 | |a Church and the world. |
| 651 | 0 | |a Byzantine Empire |x Foreign relations. | |
| 710 | 2 | |a Ινστιτούτο Βυζαντινών Ερευνών. | |
| 830 | 0 | |a Μονογραφίες (Ινστιτούτο Βυζαντινών Ερευνών) |v 10 | |
| 852 | |a INST |b LESVOS |e 20100426 |h 938.302 ΠΑΤ |p 005100047098 |q 005100047098 |t BK |y 0 | ||
| 901 | |a BIBL1-2010-1 | ||
| 909 | |a Λ |b 163139 | ||
| 970 | |a ΚΑΡΑ |b ΓΙΑΣΕΜΗ |z 2010/04/26 | ||